[Event "ROM-ch U14"]
[Site "Calimanesti"]
[Date "2015.04.02"]
[Round "4"]
[White "Lacatusi, Andrei"]
[Black "Popa, Tudor Mihai"]
[Result "1-0"]
[WhiteElo "1392"]
[BlackElo "1005"]
[PlyCount "55"]
[EventDate "2015.03.30"]
[EventType "swiss"]
[EventRounds "9"]
[EventCountry "ROU"]
[SourceTitle "CBM 165 Extra"]
[Source "ChessBase"]
[SourceDate "2015.04.21"]
[SourceVersion "1"]
[SourceVersionDate "2015.04.21"]
[SourceQuality "1"]

1. e4 e5 2. Nf3 Nc6 3. Bb5 Nf6 4. Nc3 d6 5. d4 exd4 6. Nxd4 Bd7 7. Nxc6 bxc6 8. Bc4 Be7 9. f4 Bg4 10. Be2 Bxe2 11. Qxe2 0-0 12. g4 Nd7 13. g5 f6 14. gxf6 Bxf6 15. Qc4+ Kh8 16. Qxc6 Bh4+ 17. Ke2 Rxf4 18. Bxf4 Nf6 19. Bg3 Bg5 20. Rhg1 Rb8 21. b3 Rb6 22. Qc4 h6 23. h4 Bxh4 24. Bxh4 c5 25. Nd5 Rb7 26. Bxf6 gxf6 27. Nxf6 Qxf6 28. Qg8# 1-0